Bezbaroa samagra (Record no. 8601)

MARC details
000 -LEADER
fixed length control field 00619cam a2200229ua 4500
001 - CONTROL NUMBER
control field 9579
005 - DATE AND TIME OF LATEST TRANSACTION
control field 20260515114501.0
008 - FIXED-LENGTH DATA ELEMENTS--GENERAL INFORMATION
fixed length control field 160225n ii |||gr||||Z||||||asm
020 ## - INTERNATIONAL STANDARD BOOK NUMBER
International Standard Book Number 9789382931416
040 ## - CATALOGING SOURCE
Transcribing agency MAIN
041 ## - LANGUAGE CODE
Language code of text/sound track or separate title asm
082 ## - DEWEY DECIMAL CLASSIFICATION NUMBER
Classification number 891.4514
100 ## - MAIN ENTRY--PERSONAL NAME
Personal name Borthakur, Satyakam,
Relator term Editor.
245 ## - TITLE STATEMENT
Title Bezbaroa samagra
Statement of responsibility, etc. ed. by Satyakam Borthakur
250 ## - EDITION STATEMENT
Edition statement 1st ed. /
Remainder of edition statement V 1.
260 ## - PUBLICATION, DISTRIBUTION, ETC.
Place of publication, distribution, etc. Jorhat:
Name of publisher, distributor, etc. Premananda trust,
Date of publication, distribution, etc. 2015.
300 ## - PHYSICAL DESCRIPTION
Extent 402p.
653 ## - INDEX TERM--UNCONTROLLED
Uncontrolled term East Indo-European & Celtic literatures
653 ## - INDEX TERM--UNCONTROLLED
Uncontrolled term Assamese literature
700 ## - ADDED ENTRY--PERSONAL NAME
Personal name Bhatacharyya, Ajoy Kumar,
Relator term Author.
942 ## - ADDED ENTRY ELEMENTS (KOHA)
Koha item type Books
Holdings
Withdrawn status Lost status Damaged status Not for loan Home library Current library Shelving location Date acquired Total checkouts Full call number Barcode Date last seen Copy number Price effective from Koha item type
        Naharkatiya College Library Naharkatiya College Library General stacks 09/19/2020   891.4514 | BEZ 23037 09/19/2020 1 09/19/2020 Books
        Naharkatiya College Library Naharkatiya College Library General stacks 09/19/2020   891.4514prm. ed./5000.00(set) | BEZ 23038 09/19/2020 2 09/19/2020 Books